Kannst du die von mir gezeichneten Logos erraten? - Statistiken

Allgemein
  • Dieses Quiz wurde 518 mal gespielt
  • Das Durchschnittsergebnis liegt bei 10 aus 10
Antwortstatistiken
Bildquiz Antwort % Korrekt
Nike
99%
Apple
98%
BMW
98%
Burger King
98%
YouTube
97%
Mercedes
96%
Spotify
94%
Telekom
93%
Microsoft
91%
Toyota
90%
Keine übereinstimmenden Quizze gefunden
Verteilung der Resultate
Anzahl Personen mit jedem Resultat
Perzentil nach korrekt beantworteten Fragen
Ihre Resultats-Entwicklung
Sie haben dieses Quiz noch nicht gespielt